000
00249nam a22001097a 4500
082
_a
339.3 MAC'L
100
_a
LINDAUR, JOHN
_9
78519
245
_a
MACROECONOMIC READINGS
260
_a
LONDON
_b
COLLIER MACMILLAN
_c
1968
300
_a
411P
942
_c
BK
999
_c
583630
_d
583630